000 00542nam a2200193Ia 4500
005 20250508150719.0
008 008 250505s9999 xx 000 0 eng d
037 _aBooks to be hide in OPAC
040 _aFEDL
_beng
_cFEDL
041 _aeng
_2eng
084 _a001, RED
_qFEDL
100 _aRead Herbert
245 0 _aLondon book of English verse
260 _aLondon, UK
_bEyre and Spottiswoode
_c1949
300 _axxxiii,874p
700 _a Doberee Bonamy
_9757442
942 _cHB
_h001, RED
999 _c1325215
_d1325215